Reconnaissance aéronefs - Hélicoptères - Statistiques

Statistiques générales
  • Ce quiz a été pris 30 fois
  • Le résultat moyen est 7 sur 28
Statistiques - réponses
Par images Réponse % Correct
CH-47 CHINOOK
96%
CH-47 CHINOOK
72%
NH-90
68%
AS-332 Super Puma
44%
CH-47 CHINOOK
44%
AS-332 Super Puma
36%
AS-332 Super Puma
36%
NH-90
36%
R44
36%
CH-47 CHINOOK
28%
NH-90
24%
AS-332 Super Puma
20%
EC135
20%
EC135
20%
EC135
20%
EC135
20%
R44
20%
SEA KING
20%
SEA KING
20%
R44
16%
R44
16%
NH-90
12%
SEA KING
8%
SEA KING
8%
SPIRIT S76
0%
SPIRIT S76
0%
SPIRIT S76
0%
SPIRIT S76
0%
Aucun quiz correspondant
Distribution des résultats
% des personnes avec chaque résultat
Percentile par nombre de réponses
Votre historique - résultats
Vous n’avez pas pris ce quiz